Guide to financial markets, fourth edition / (Record no. 346950)
[ view plain ]
| 000 -LEADER | |
|---|---|
| fixed length control field | 01167 a2200205 4500 |
| 020 ## - INTERNATIONAL STANDARD BOOK NUMBER | |
| International Standard Book Number | 157660201X (hardcover) |
| 020 ## - INTERNATIONAL STANDARD BOOK NUMBER | |
| International Standard Book Number | 9781576602010 (hardcover) |
| 082 04 - DEWEY DECIMAL CLASSIFICATION NUMBER | |
| Classification number | 332.64 |
| 090 ## - LOCALLY ASSIGNED LC-TYPE CALL NUMBER (OCLC); LOCAL CALL NUMBER (RLIN) | |
| -- | 4507 |
| -- | 4507 |
| 100 1# - MAIN ENTRY--PERSONAL NAME | |
| Personal name | Levinson, Marc. |
| 245 10 - TITLE STATEMENT | |
| Title | Guide to financial markets, fourth edition / |
| Statement of responsibility, etc. | Marc Levinson. |
| 250 ## - EDITION STATEMENT | |
| Edition statement | 4th ed. |
| 260 ## - PUBLICATION, DISTRIBUTION, ETC. | |
| Place of publication, distribution, etc. | [S.l.] : |
| Name of publisher, distributor, etc. | Bloomberg Press, |
| Date of publication, distribution, etc. | 2006. |
| 300 ## - PHYSICAL DESCRIPTION | |
| Extent | 250 p. ; |
| Dimensions | 22 cm. |
| 490 1# - SERIES STATEMENT | |
| Series statement | Economist books. |
| 520 ## - SUMMARY, ETC. | |
| Summary, etc. | Extensively revised and updated, this fourth edition brings the reader up to speed with the latest developments in financial markets, providing a brilliantly clear guide to a complex world that even those who work in it often find hard to understand. With chapters on the markets that deal with money, foreign exchange, equities, bonds, commodities, financial futures, options and other derivatives, the book explains why these markets exist, how they work, and who trades in them, and provides a run-down of the factors that affect prices and rates. |
| 830 #0 - SERIES ADDED ENTRY--UNIFORM TITLE | |
| Uniform title | Economist books. |
| 856 40 - ELECTRONIC LOCATION AND ACCESS | |
| Materials specified | Amazon.com |
| Uniform Resource Identifier | <a href="http://www.amazon.com/exec/obidos/ASIN/157660201X/chopaconline-20">http://www.amazon.com/exec/obidos/ASIN/157660201X/chopaconline-20</a> |
| 942 ## - ADDED ENTRY ELEMENTS (KOHA) | |
| Institution code [OBSOLETE] | NBS |
| Koha item type | Book |
| Call number prefix | 332.64 LEV |
| Withdrawn status | Lost status | Damaged status | Not for loan | Permanent Location | Current Location | Date acquired | Total Checkouts | Full call number | Barcode | Date last seen | Date last checked out | Price effective from | Koha item type |
|---|---|---|---|---|---|---|---|---|---|---|---|---|---|
| Central Library (CL) | Central Library (CL) | 08/28/2013 | 5 | 332.64 LEV | NBS7872 | 03/02/2026 | 02/15/2024 | 08/28/2013 | Book |
